[Event "BL2-Nord 1819"]
[Site "Germany"]
[Date "2018.12.15"]
[Round "3.6"]
[White "Levin, Felix"]
[Black "Rahls, Peter"]
[Result "1-0"]
[WhiteElo "2482"]
[BlackElo "2212"]
[PlyCount "73"]
[EventDate "2018.11.10"]
[EventType "team-tourn"]
[EventRounds "10"]
[EventCountry "GER"]
[SourceTitle "CBM 190 Extra"]
[Source "ChessBase"]
[SourceDate "2019.07.15"]
[SourceVersion "1"]
[SourceVersionDate "2019.07.15"]
[SourceQuality "1"]
[WhiteTeam "Lingen"]
[BlackTeam "Berlin Zehlendorf"]
[WhiteTeamCountry "GER"]
[BlackTeamCountry "GER"]

1. d4 d5 2. c4 c6 3. Nf3 Nf6 4. Qc2 a6 5. Bf4 e6 6. Nbd2 Nbd7 7. e3 dxc4 8. Nxc4 Nb6 9. Nce5 Nbd5 10. Be2 Nxf4 11. exf4 Nd5 12. g3 Bb4+ 13. Kf1 f6 14. Nd3 0-0 15. Kg2 Bd6 16. Rhe1 Qe8 17. Nc5 b6 18. Ne4 Be7 19. Nc3 Bb4 20. a3 Bxc3 21. bxc3 Bd7 22. c4 Ne7 23. Rab1 b5 24. Nd2 Nf5 25. Qc3 c5 26. dxc5 Rd8 27. cxb5 axb5 28. Bf3 Bc6 29. Nb3 e5 30. Bxc6 Qxc6+ 31. Qf3 Qxf3+ 32. Kxf3 Nd4+ 33. Nxd4 Rxd4 34. Rxb5 exf4 35. Re7 Rf7 36. Rb8+ Rf8 37. Rbb7 1-0

[Event "MVP-ch Seniors op 18th"]
[Site "Ostseebad Binz"]
[Date "2018.11.30"]
[Round "3"]
[White "Gley, Reinhard"]
[Black "Rahls, Peter"]
[Result "1/2-1/2"]
[WhiteElo "2036"]
[BlackElo "2216"]
[PlyCount "106"]
[EventDate "2018.11.28"]
[EventType "swiss"]
[EventRounds "9"]
[EventCountry "GER"]
[SourceTitle "CBM 188 Extra"]
[Source "ChessBase"]
[SourceDate "2019.02.28"]
[SourceVersion "1"]
[SourceVersionDate "2019.02.28"]
[SourceQuality "1"]

1. Nf3 c5 2. e4 e6 3. Be2 d6 4. 0-0 Be7 5. c4 Nc6 6. d4 cxd4 7. Nxd4 Nf6 8. Nc3 0-0 9. Be3 Bd7 10. Qd2 Nxd4 11. Bxd4 Bc6 12. f3 Re8 13. Rad1 a6 14. a3 Rb8 15. b4 b5 16. cxb5 Bxb5 17. Nxb5 axb5 18. Rc1 Qd7 19. Qd3 e5 20. Be3 d5 21. exd5 Qxd5 22. Rfd1 Qa8 23. Qb3 Qb7 24. Bc5 e4 25. Bd4 Red8 26. Qe3 Re8 27. Rc2 h6 28. fxe4 Nxe4 29. Bf3 Bg5 30. Qb3 Kh8 31. Re2 f5 32. g3 Rbd8 33. Kg2 Rd7 34. Bb2 Red8 35. Rxd7 Qxd7 36. h4 Nd2 37. Qe6 Qxe6 38. Rxe6 Nxf3 39. Kxf3 Rd3+ 40. Kf2 Rd2+ 41. Re2 Rxe2+ 42. Kxe2 Bd8 43. h5 Kh7 44. Kf3 g6 45. g4 fxg4+ 46. Kxg4 Bg5 47. Bd4 Bc1 48. a4 bxa4 49. b5 Ba3 50. b6 Bd6 51. b7 a3 52. Bc5 gxh5+ 53. Kxh5 Bb8 1/2-1/2

[Event "WchT Seniors 65"]
[Site "Dresden"]
[Date "2018.07.10"]
[Round "4.5"]
[White "Baum, Bernd"]
[Black "Rahls, Peter"]
[Result "0-1"]
[WhiteElo "2280"]
[BlackElo "2238"]
[PlyCount "72"]
[EventDate "2018.07.07"]
[EventType "team-swiss"]
[EventRounds "9"]
[EventCountry "GER"]
[SourceTitle "CBM 185 Extra"]
[Source "ChessBase"]
[SourceDate "2018.07.29"]
[SourceVersion "1"]
[SourceVersionDate "2018.07.29"]
[SourceQuality "1"]
[WhiteTeam "Germany III"]
[BlackTeam "Berlin"]
[WhiteTeamCountry "GER"]
[BlackTeamCountry "GER"]

1. c4 e5 2. g3 Nc6 3. Bg2 g6 4. Nc3 Bg7 5. d3 d6 6. e3 Nge7 7. Nge2 Be6 8. Nd5 0-0 9. 0-0 Qd7 10. Rb1 Nd8 11. Nxe7+ Qxe7 12. b3 f5 13. d4 e4 14. Bb2 Nf7 15. Qd2 Bd7 16. b4 b5 17. Rfc1 bxc4 18. Nf4 g5 19. Nd5 Qd8 20. Bf1 c6 21. Nc3 d5 22. b5 Qc7 23. Ba3 Rfe8 24. bxc6 Bxc6 25. Nb5 Qd7 26. Qa5 Rec8 27. Bc5 a6 28. Nc3 Bf6 29. Rb2 Nd8 30. Qa3 Ne6 31. Rb6 Nxc5 32. dxc5 Bd8 33. Rxc6 Qxc6 34. Nxd5 Qxc5 35. Qxc5 Rxc5 36. Bxc4 Kg7 0-1

[Event "BL2-Nord 1718"]
[Site "Germany"]
[Date "2018.04.15"]
[Round "9.7"]
[White "Wagner, Jan"]
[Black "Rahls, Peter"]
[Result "0-1"]
[WhiteElo "2146"]
[BlackElo "2156"]
[PlyCount "78"]
[EventDate "2017.10.08"]
[EventType "team-tourn"]
[EventRounds "9"]
[EventCountry "GER"]
[SourceTitle "EXT 2019"]
[Source "ChessBase"]
[SourceDate "2018.10.10"]
[SourceVersion "1"]
[SourceVersionDate "2018.10.10"]
[SourceQuality "1"]
[WhiteTeam "Oldenburg Union"]
[BlackTeam "Zehlendorf"]
[WhiteTeamCountry "GER"]
[BlackTeamCountry "GER"]

1. Nf3 c5 2. c4 Nc6 3. b3 d6 4. Bb2 e5 5. e3 g6 6. d4 exd4 7. exd4 Bg7 8. Qd2 cxd4 9. Na3 Nge7 10. Nc2 0-0 11. Nfxd4 Nf5 12. Nxc6 Qe8+ 13. Ne5 Bxe5 14. 0-0-0 Bxb2+ 15. Kxb2 Qe5+ 16. Qc3 Qc5 17. Rd2 Be6 18. h4 Rac8 19. g4 Ng7 20. Ne3 b5 21. Nd5 Bxd5 22. Rxd5 Qxf2+ 23. Rd2 Qf4 24. h5 Ne6 25. Bd3 b4 26. Qxb4 Nc5 27. Qc3 Qe5 28. Bc2 Rfe8 29. Rd5 Qxc3+ 30. Kxc3 Rcd8 31. Rhd1 Nb7 32. b4 Re3+ 33. Kd2 Rg3 34. hxg6 hxg6 35. g5 Kg7 36. Ba4 Rh8 37. Bc6 Rh2+ 38. Kc1 Rc3+ 39. Kb1 Rxc4 0-1

[Event "Bad Woerishofen op 34th"]
[Site "Bad Woerishofen"]
[Date "2018.02.28"]
[Round "6"]
[White "Matzat, Andre"]
[Black "Rahls, Peter"]
[Result "0-1"]
[WhiteElo "2030"]
[BlackElo "2174"]
[PlyCount "76"]
[EventDate "2018.02.23"]
[EventType "swiss"]
[EventRounds "9"]
[EventCountry "GER"]
[SourceTitle "CBM 183 Extra"]
[Source "ChessBase"]
[SourceDate "2018.04.19"]
[SourceVersion "1"]
[SourceVersionDate "2018.04.19"]
[SourceQuality "1"]

1. d4 c5 2. d5 d6 3. e4 g6 4. Nc3 Bg7 5. Bb5+ Nd7 6. a4 Ngf6 7. Nf3 0-0 8. 0-0 h6 9. Re1 Kh7 10. Bf1 Rb8 11. Nd2 Nh5 12. Nc4 a6 13. Be2 Nhf6 14. f4 b5 15. axb5 Rxb5 16. e5 Ne8 17. Nxb5 axb5 18. Na5 dxe5 19. Nc6 Qb6 20. Nxe7 Nd6 21. Nxc8 Rxc8 22. c3 c4+ 23. Kh1 Ne4 24. Rf1 Nf2+ 25. Rxf2 Qxf2 26. Bf3 e4 27. Qe2 Qxe2 28. Bxe2 Rc5 29. Be3 Rxd5 30. Ra7 Bf8 31. g3 Kg8 32. Rb7 h5 33. Kg2 Nf6 34. Bd4 Ne8 35. h3 Ng7 36. g4 Ne6 37. Be3 Bc5 38. Bxc5 Nxf4+ 0-1

[Event "MVP-ch Seniors op 17th"]
[Site "Binz"]
[Date "2017.12.04"]
[Round "6.10"]
[White "Rahls, Peter"]
[Black "Nuenchert, Eveline"]
[Result "1-0"]
[WhiteElo "2156"]
[BlackElo "2016"]
[PlyCount "59"]
[EventDate "2017.11.29"]
[EventType "swiss"]
[EventRounds "9"]
[EventCountry "GER"]
[SourceTitle "EXT 2019"]
[Source "ChessBase"]
[SourceDate "2018.10.10"]
[SourceVersion "1"]
[SourceVersionDate "2018.10.10"]
[SourceQuality "1"]

1. e4 c5 2. Ne2 e6 3. Nbc3 a6 4. g3 Nc6 5. Bg2 Nf6 6. 0-0 d6 7. d3 Be7 8. h3 Qc7 9. f4 Rb8 10. g4 h6 11. Ng3 g6 12. Qf3 b5 13. e5 Nd4 14. Qf2 Nd7 15. exd6 Bxd6 16. Nce4 Be7 17. c3 Nc6 18. f5 Nce5 19. d4 Nd3 20. Qf3 Nxc1 21. Raxc1 Nf8 22. fxg6 fxg6 23. dxc5 Bxc5+ 24. Kh1 Bb7 25. Qf6 Rh7 26. Nxc5 Bxg2+ 27. Kxg2 Qxc5 28. Ne4 Qe7 29. Qe5 Nd7 30. Nf6+ 1-0

[Event "Arco op 38th"]
[Site "Arco"]
[Date "2016.10.12"]
[Round "5"]
[White "Mirzoev, Azer"]
[Black "Rahls, Peter"]
[Result "1-0"]
[WhiteElo "2526"]
[BlackElo "2145"]
[PlyCount "49"]
[EventDate "2016.10.08"]
[EventType "swiss"]
[EventRounds "9"]
[EventCountry "ITA"]
[SourceTitle "EXT 2017"]
[Source "ChessBase"]
[SourceDate "2016.10.25"]
[SourceVersion "1"]
[SourceVersionDate "2016.10.25"]
[SourceQuality "1"]

1. d4 c5 2. d5 e5 3. e4 d6 4. Nc3 Be7 5. Nf3 Nf6 6. Bb5+ Nbd7 7. a4 a6 8. Be2 Nf8 9. a5 Ng6 10. 0-0 0-0 11. Nd2 Nf4 12. Bf3 g5 13. Nc4 g4 14. Be2 Nxe2+ 15. Qxe2 Kh8 16. Nb6 Rb8 17. Nxc8 Rxc8 18. f4 exf4 19. Bxf4 Rg8 20. e5 Nh5 21. Bd2 Bg5 22. Rxf7 Bxd2 23. Qxd2 dxe5 24. Qh6 Ng7 25. Ne4 1-0

[Event "GER-chA Seniors 28th"]
[Site "Niederhausen"]
[Date "2016.08.16"]
[Round "4"]
[White "Bellingrath, Jens"]
[Black "Rahls, Peter"]
[Result "1/2-1/2"]
[WhiteElo "2061"]
[BlackElo "2134"]
[PlyCount "49"]
[EventDate "2016.08.13"]
[EventType "swiss"]
[EventRounds "9"]
[EventCountry "GER"]
[SourceTitle "EXT 2019"]
[Source "ChessBase"]
[SourceDate "2018.10.10"]
[SourceVersion "1"]
[SourceVersionDate "2018.10.10"]
[SourceQuality "1"]

1. e4 c5 2. Nf3 e6 3. d4 cxd4 4. Nxd4 Nf6 5. Nc3 d6 6. Bc4 a6 7. Bb3 Nbd7 8. f4 Nc5 9. Qf3 b5 10. f5 e5 11. Nc6 Qc7 12. Nd5 Nxd5 13. Bxd5 Bb7 14. Nb4 Nd7 15. Bg5 Nb6 16. Bxb7 Qxb7 17. 0-0-0 a5 18. Nd5 Nxd5 19. Rxd5 b4 20. Rhd1 a4 21. Qd3 f6 22. Rxd6 Bxd6 23. Qxd6 Qxe4 24. Qe6+ Kf8 25. Qd6+ 1/2-1/2